| Tag |
First Indicator |
Second Indicator |
Subfields |
| LEADER |
00000cas a2200000 a 4500 |
| 001 |
in00001825607 |
| 005 |
20151026053711.0 |
| 008 |
811104d197819uuxo uu p oh 0 a0eng d |
| 010 |
|
|
|a 82641387
|
| 012 |
|
|
|a 4
|b 3
|i 8405
|
| 035 |
|
|
|a (OCoLC)ocm07906012
|
| 040 |
|
|
|a PIT
|c PIT
|d DLC
|d NST
|d DLC
|d NST
|d DLC
|d NST
|d NSD
|d DLC
|d WAU
|d IUL
|d TXA
|d UtOrBLW
|
| 042 |
|
|
|a lc
|
| 043 |
|
|
|a e-cs---
|
| 049 |
|
|
|a TXAM
|
| 050 |
0 |
0 |
|a PG5400
|b .M47
|
| 082 |
0 |
|
|a 891.8/7/09
|2 19
|
| 245 |
0 |
0 |
|a Meridians 12-23.
|
| 246 |
1 |
0 |
|a Meridians twelve-twenty-three
|
| 246 |
1 |
3 |
|a Bulletin of Slovak literature
|
| 264 |
|
1 |
|a Bratislava :
|b Published for Slovak Writers' Union by Pallas Pub. House,
|c 1978-
|
| 300 |
|
|
|a volumes :
|b illustrations ;
|c 24 cm.
|
| 336 |
|
|
|a text
|b txt
|2 rdacontent
|
| 337 |
|
|
|a unmediated
|b n
|2 rdamedia
|
| 338 |
|
|
|a volume
|b nc
|2 rdacarrier
|
| 362 |
0 |
|
|a 2-
|
| 500 |
|
|
|a Title from cover.
|
| 515 |
|
|
|a No. 1 not published in English.
|
| 580 |
|
|
|a Issued also in Russian and German.
|
| 650 |
|
0 |
|a Slovak literature
|y 20th century
|x History and criticism
|v Periodicals.
|
| 650 |
|
0 |
|a Slovak literature
|y 20th century
|v Book reviews
|v Periodicals.
|
| 650 |
|
0 |
|a Arts
|z Slovakia
|v Periodicals.
|
| 710 |
2 |
|
|a Zväz slovenských spisovatel̕ov.
|
| 775 |
1 |
|
|t Meridiány 12-23
|e rus
|
| 775 |
1 |
|
|t Meridiane 12-23
|e ger
|w (DLC)sc 82005224
|
| 850 |
|
|
|a CSt
|a CaOONL
|a CaOTU
|a DLC
|a InU
|a MH
|a MiU
|a N
|a NN
|a NNC
|a NcU
|a NjP
|a OkU
|a WaU
|
| 936 |
|
|
|a 13, published in 1988 LIC
|
| 994 |
|
|
|a E0
|b TXA
|
| 999 |
|
|
|a MARS
|
| 999 |
f |
f |
|s 00de2855-ee3b-3269-a5e5-b8b8c5636cc5
|i e022ce06-080f-315a-83a7-d620bb50b36d
|t 0
|
| 952 |
f |
f |
|p normal
|a Texas A&M University
|b College Station
|c Sterling C. Evans Library
|d Evans: Library Stacks
|t 0
|e PG5400 .M47
|h Library of Congress classification
|i unmediated -- volume
|k no.12
|l 1988
|m A14830821996
|
| 998 |
f |
f |
|a PG5400 .M47
|s no.12 (1988)
|t 0
|l Evans: Library Stacks
|